[Event "London Classic 9th"]
[Site "London"]
[Date "2017.12.08"]
[Round "6"]
[White "Adams, Michael"]
[Black "Nepomniachtchi, Ian"]
[Result "0-1"]
[WhiteElo "2715"]
[BlackElo "2729"]
[Annotator "Yermolinsky,A"]
[PlyCount "170"]
[EventDate "2017.12.01"]
[EventType "tourn"]
[EventRounds "9"]
[EventCountry "ENG"]
[EventCategory "22"]
[SourceTitle "CBM 182"]
[Source "ChessBase"]
[SourceDate "2018.01.17"]
[SourceVersion "1"]
[SourceVersionDate "2018.01.17"]
[SourceQuality "1"]

1. e4 c5 2. Nf3 d6 3. d4 cxd4 4. Nxd4 Nf6 5. Nc3 a6 6. a4 g6 7. Be2 Bg7 8. O-O
O-O 9. Be3 Nc6 10. Qd2 Nxd4 11. Bxd4 Be6 12. a5 Rc8 13. Rfd1 Qc7 14. h3 Rfe8
15. Ra3 Nd7 16. Bxg7 Kxg7 17. Qd4+ Kg8 18. Rd2 Qc5 19. Qxc5 Rxc5 20. Nd5 Bxd5
21. exd5 b5 22. axb6 Nxb6 23. Rxa6 Nxd5 24. c3 Nc7 25. Rb6 d5 26. Rb7 e6 27.
Rd3 Na8 28. Rd4 Rc7 29. Rdb4 Kg7 30. f4 Ree7 31. Rxc7 Rxc7 32. Rb8 Ra7 33. b4 {
White kept a slight edge he obtained in the opening until Adams somewhat
impatiently pushed his passed pawn forward.} Nc7 34. b5 Ra8 $1 {Nepo handles
his defensive task with precision.} (34... Ra2 35. b6 Na6 36. Bxa6 Rxa6 37. g4
$16) 35. Rb7 (35. Rxa8 Nxa8 36. Kf2 Kf6 37. Ke3 Ke7 38. Kd4 Kd6 39. c4 dxc4 40.
Bxc4 Nb6 {is impossible for White to win.}) 35... Ne8 {The knight is about to
escape.} 36. c4 $2 {There must have been some mistake in Mickey's calculations.
} ({Still, a draw was well within White's reach:} 36. b6 Ra1+ 37. Kf2 Nd6 38.
Rd7 Ne4+ 39. Ke3 Rb1 40. Bd3 Rxb6 41. Bxe4 dxe4 42. Kxe4) 36... Nd6 {It's all
forced now.} 37. Rc7 dxc4 38. Bxc4 Ra1+ 39. Kf2 Rc1 40. b6 Nxc4 41. b7 Rb1 42.
Rxc4 Rxb7 {Adams had already pulled off a similar escape earlier in the
tournament against Vachier-Lagrave. The rook endgame with 4 vs. 3 on the same
side of the board is drawn under most circumstances, but in this case the
white f-pawn is sticking out, which gives Black a chance.} 43. Ra4 h6 $1 {
Nepo hits on the right plan immediately.} 44. Ra5 Rb2+ 45. Kf3 Rb3+ 46. Kf2 Rd3
47. h4 {Mickey is aiming to trade as many pawns as possible, which is a sound
strategy.} (47. Rb5 Rd5 48. Rb7 g5 49. fxg5 hxg5 {looks more dangerous for
White. Indeed, if Black is allowed to advance his pawns to f4 and e3 he will
win easily, which means White has to act now.} 50. g4 $1 Rd3 51. Kg2 {The only
realistic way for Black to make progress would be to play} Kg6 52. Re7 Rd6 53.
Kf3 f5 54. gxf5+ exf5 {reaching the position similar to the one in the game
continuation.}) 47... Rd5 48. Ra7 g5 49. hxg5 hxg5 50. fxg5 ({One last
alternative was to stay put with} 50. g3 g4 51. Rb7 Rd2+ 52. Kg1 {
Instinctively, experienced players don't like to see their king cut off on the
back rank. There may follow} Kg6 53. Ra7 f6 54. Ra5 Rd5 55. Ra6 Kf5 56. Kf2
Rd2+ 57. Kf1 e5 58. fxe5 fxe5 {and White must defend with} 59. Ra4 Rd4 60. Ra8
Ke4 61. Ke2 Rb4 62. Ra2 {The same position happened in S.B. Hansen-Leko from
Istanbul Olympiad 2012, and Black won.}) 50... Rxg5 51. g3 Kg6 52. Kf3 Rf5+ 53.
Kg2 Rb5 54. Re7 e5 55. Kf2 f6 56. Re8 Kf5 57. Rf8 {Keeping the rook in the
enemy camp to attack from behind is a proven defensive technique.} Rb3 58. Kg2
Rb2+ 59. Kf3 Rb3+ 60. Kg2 Ke6 61. Kf2 Ra3 62. Re8+ Kf5 63. Rf8 Ra7 64. Kf3 Rg7
65. Re8 Kg5 66. Re6 $6 ({There was no reason for Adams to reject} 66. g4 Kg6
67. Ra8 Rb7 68. Rg8+ Kf7 69. Ra8 Rb3+ 70. Kf2 {apart from a superstitious fear
of having his king separated from the pawn.}) 66... Rg8 67. Re7 Kf5 68. Rh7 Ra8
69. Rh5+ Kg6 70. Rh4 $2 ({This was the last call for} 70. g4 $11 {similar to
Serper-Emelin, 1995 with colours reversed.}) 70... f5 71. Rb4 Kg5 {Now the
white rook is too late to check the black king away.} 72. Rb7 (72. Kg2 Ra2+ 73.
Kh3 Kf6 74. Rb6+ Ke7 75. Rc6 e4 76. Rb6 Rf2 77. Ra6 e3 $19) 72... e4+ $1 73.
Ke3 Ra3+ 74. Kf2 Ra2+ 75. Ke3 Kg4 $19 76. Rg7+ Kh3 $1 {Now we can see the
difference compared with the position from the note to White's 47th move. With
the pawns shifted one file toward the centre the Black king can sneak in along
the h-file.} 77. Rg5 Ra3+ 78. Kf2 (78. Kd4 e3 79. Rxf5 Kxg3) 78... Rf3+ 79. Ke1
Kg2 80. Ke2 Rf2+ 81. Ke3 (81. Ke1 e3) 81... Kf1 $1 82. g4 {One last attempt
but it falls way short.} Rf3+ 83. Kd4 e3 84. Rxf5 Rxf5 85. Kxe3 Rf8 {An
excellent technical display from Ian, who seems to be settling down finally
toward the end of his unsuccessful 2017 campaign.} 0-1

[Event "Olympiad-43"]
[Site "Batumi"]
[Date "2018.10.05"]
[Round "11.2"]
[White "Nepomniachtchi, Ian"]
[Black "Bacrot, Etienne"]
[Result "1-0"]
[WhiteElo "2768"]
[BlackElo "2678"]
[Annotator "Ganguly, Surya Sekhar "]
[PlyCount "47"]
[EventDate "2018.09.24"]
[EventType "team-swiss"]
[EventRounds "11"]
[EventCountry "GEO"]
[SourceTitle "CBM 187"]
[Source "ChessBase"]
[SourceDate "2018.12.11"]
[SourceVersion "1"]
[SourceVersionDate "2018.12.11"]
[SourceQuality "1"]
[WhiteTeam "Russia"]
[BlackTeam "France"]
[WhiteTeamCountry "RUS"]
[BlackTeamCountry "FRA"]

1. Nf3 d5 2. e3 {Nowadays this system in hugely popular. Kramnik mainly tried
e3 setups in almost every possible move order. Magnus went one step further
and even started his first move with 1.e3 thrice :)} Nf6 3. c4 e6 4. Nc3 Be7 {
A lot depends on a player's opening repertoire what setup he will choose here
as anytime it can just transpose with d4. The main idea for White however is
rather not to play d4 and keep the a1-h8 diagonal open for a possible kingside
attack.} 5. b3 O-O 6. Bb2 c5 (6... b6 {This became popular recently. The idea
is that Black doesn't commit to c5 early in order not to get a hanging or
isolated pawn which typically happens after cd5-ed5-d4 with the pawn on c5.})
7. cxd5 Nxd5 (7... exd5 8. d4 {Is another setup where Black mostly ends up
with either an isolated pawn or hanging pawns. Here the h4 ideas are stopped
which happened in the game but on the other hand White keeps little upper hand
in such structure. This is why b6 instead of c5 have been tried a number of
times as well.}) 8. h4 {A new move based on a well-known idea. White tried
mainly Qc2 followed by h4 in a number of games.} (8. Qc2 Nc6 9. h4 {was first
seen in the Moscow Candidates 2016 between Karjakin - Anand. Then the next
time it occurred after a few months was when Magnus played this against me in
the world rapid 2016 at Doha. This was one of the games in which he started
with 1.e3!?} b6 (9... h6 {was not a good reaction and I immediately got into
serious trouble} 10. g4 $1 Nxc3 11. dxc3 e5 12. g5 h5 13. Bc4 {½-½ (40)
Carlsen,M (2840)-Ganguly,S (2668) Doha 2016 was better for White.}) 10. a3 {
This is an obligation with the queen on c2 hence some players have tried Qb1
instead of Qc2.} (10. Bb5 Ncb4) 10... f5 $132 {1-0 (43) Karjakin,S (2760)
-Anand,V (2762) Moscow 2016}) (8. Qb1 {was tried by Mamedyarov in a blitz game}
b6 9. Nxd5 exd5 10. d4 $6 {1-0 (43) Mamedyarov,S (2801)-So,W (2780) Saint
Louis 2018} cxd4 {[%cal Ge7b4]}) 8... b6 9. Qb1 {So that was the point!
Similar to Magnus idea but with the queen on b1 in order to avoid any Ncb4
tricks.} h6 {After 38 min of thought Bacrot reacted exactly the way I reacted
against Magnus which in my opinion is not the best way to stop White's
initiative here. First of all, Ng5 is not a threat as long as Black keeps his
bishop on c8 thus ready to meet Ng5 with f5. Unless Black plays h6 there is no
g4-g5 attack so there is no need to rush yet. Hence Black can continue
developing on the queenside.} (9... Bb7 $6 {would lead to disaster} 10. Ng5 g6
11. Nxh7 {Probably some other moves are possible too but this is most thematic
and direct} Kxh7 12. h5 f5 13. hxg6+ Kxg6 14. Nxd5 Bxd5 15. Qd1 $1 Bh4 16. Bc4
Nc6 17. Bxd5 exd5 18. g3 $18 {One of the many ways Black can get crushed in
this line.}) (9... Nc6 $1 {This is similar to Karjakin - Anand from Moscow
Candidates 2016 with one exception that white queen is on b1 instead of c2
which means White doesn’t have to waste time with a3 for now.} 10. g4 $5 {
[%cal Gf3g5] Without h6 this looks a bit empty at first sight but things are
not that trivial here.} (10. Ng5 $6 {with the bishop on c8 this makes little
sense} f5 $15) (10. Rh3 f5) (10. Bb5 {This can be one point behind keeping the
queen on b1 but Black has enough resources to stop White's attack.} Nxc3 {
Now this works with the queen on b1! A move that would not have been possible
with the queen on c2 due to Bc6 but now the b1 queen is hanging.} (10... Bb7 $6
{By now we know why Black should not play this move :)} 11. Ng5 $1 g6 12. Nxh7
$1 {of course!} Kxh7 (12... Nxc3 13. Bxc3 Kxh7 14. h5 {would lead to similar
lines given below.}) 13. Nxd5 $1 (13. h5 $2 Nf6) 13... exd5 (13... f5 {This is
the top choice of the computer which shows how pathetic Black's position is.}
14. Nf4) 14. h5 f5 15. hxg6+ Kxg6 16. Qd1 $18) (10... Na5 {These moves are
always psychologically difficult to make. To put the knight on the edge when
White has some potential for attacking on the other wing.} 11. Bd3 (11. Nxd5
exd5 12. Ng5 f5 13. Qd1 Bxg5 14. hxg5 Qxg5 {apparently Black is fine here.})
11... f5 12. Nxd5 exd5 13. h5 Bf6 $132) 11. Bxc3 Nb4 12. Rh3 Bf6 {and Black is
doing fine.}) 10... f5 (10... Bb7 11. Ng5 {is always risky.}) (10... Nxc3 11.
Bxc3 f5 {is also doable}) 11. gxf5 Rxf5 12. Rg1 $5 {[%csl Rg7]} Bf6 (12... Rxf3
13. Nxd5 Bf8 14. Qd1 $3 Rf7 (14... Qxd5 15. Bg2) 15. Nf4 $36) 13. Qe4 {In
general, these lines would require a lot more analyses to draw any kind of
conclusion. Anyhow it’s pretty much certain that Nc6 was a far better move
than h6.}) 10. g4 {Just like what Magnus did against me.} Bb7 11. Rh3 $1 Nd7 (
11... Nxc3 12. Bxc3 Nd7 13. g5 h5 14. g6 Bf6 15. Ng5 $1 Bxg5 16. hxg5 Qxg5 17.
Rg3 {gives White a good attack for a sacrificed pawn.}) 12. g5 h5 13. Bd3 (13.
g6 {The engine prefers this move over Bd3} f5 14. Qd1 N7f6 15. Ng5 Qd6 {
However I don't see why White should aim for this position rather than what he
got in the game.}) 13... Nb4 $6 {This is almost suicidal. The knight is
getting too far away from the game and White's knight on c3 could easily be
more powerful than Black's knight on b4.} (13... Nxc3 {was called for} 14. Bxc3
Qc7 15. Bh7+ Kh8 16. Be4 {White probably still keeps some edge but nowhere
close to what he got in the game.}) 14. Bh7+ $1 Kh8 15. Be4 Nd5 {This already
shows Nb4 was a poor decision.} (15... Bxe4 16. Nxe4 {[%csl Rb4,Ge4] The
difference between the two knights is visible now.}) 16. Ne2 $1 {[%csl Rh5]
[%cal Ge2g3]} f5 $2 {This was truly unthinkable. Now it’s totally lost.} (
16... Bd6 17. Ng3 Bxg3 18. Rxg3 {Depressing position but not dead lost yet.})
17. gxf6 N7xf6 18. Ng5 {[%cal Ge4d5,Ge2f4] Now pretty much anything and
everything will eventually lead to mate.} Nxe4 19. Qxe4 Bxg5 20. hxg5 Nf4 (
20... Qxg5 21. Rg3 {[%csl Rg7]}) 21. Qxb7 {[%csl Rg7]} Nd3+ 22. Kf1 Nxb2 (22...
Rxf2+ 23. Kg1 Qxg5+ 24. Rg3 $18) (22... Qxg5 23. Rxh5+ Qxh5 24. Qxg7#) 23.
Rxh5+ Kg8 24. g6 {[%cal Gh5h8,Gb7h1] Both Rh8 and Qh1 are deadly threats for
which there is no defence. A fantastic miniature by Nepo in an extremely
important match.} 1-0

[Event "Tata Steel-A 81st"]
[Site "Wijk aan Zee"]
[Date "2019.01.25"]
[Round "11"]
[White "Nepomniachtchi, Ian"]
[Black "Fedoseev, Vladimir1"]
[Result "1-0"]
[WhiteElo "2763"]
[BlackElo "2724"]
[Annotator "Yermolinsky,A"]
[PlyCount "99"]
[EventDate "2019.01.12"]
[EventType "tourn"]
[EventRounds "13"]
[EventCountry "NED"]
[EventCategory "21"]
[SourceTitle "CBM 188"]
[Source "ChessBase"]
[SourceDate "2018.12.21"]
[SourceVersion "1"]
[SourceVersionDate "2018.12.21"]
[SourceQuality "1"]

{[%evp 0,99,19,38,60,69,57,50,75,53,48,15,12,23,11,9,45,23,25,39,46,10,29,16,
24,20,19,21,15,34,42,28,74,70,63,56,49,57,72,78,129,109,109,125,112,84,102,43,
17,20,16,76,75,55,71,63,70,77,76,43,43,86,43,9,63,71,56,19,27,28,46,64,69,47,
91,91,119,114,119,106,106,28,128,63,83,128,264,269,269,235,274,268,271,292,285,
283,281,304,305,300,300,295]} 1. e4 c6 2. d4 d5 3. e5 Bf5 4. Nf3 e6 5. c3 h6 6.
Be2 Ne7 7. Nbd2 a5 8. a4 Nd7 9. O-O g5 {Maybe it's me, but I cannot wrap my
mind around Black's plan, particularly since he isn't going to castle
queenside because of the a7-a5 weakening move.} 10. Ne1 Qb6 11. Nd3 Bg7 ({Is} 
11... Ng6 12. Re1 c5 {a try here?}) 12. Nb3 O-O 13. Nbc5 Nxc5 14. Nxc5 Qc7 15.
f4 $1 $16 {[#] Of course Nepo plays all the right moves, and very fast at that.
} gxf4 16. Bxf4 b6 17. Nd3 c5 18. Qd2 Kh7 19. Be3 Rac8 $5 {An inspired pawn
sacrifice.} ({When in trouble trade rooks, said J.R. Capablanca.} 19... cxd4
20. cxd4 Rac8 21. g4 Be4 22. Rac1 Qd7 23. Nf4 Rxc1 24. Rxc1 Rc8) 20. dxc5 bxc5
21. Bxc5 Rfe8 22. Kh1 (22. Qe3 $5 Bg6 23. Bb6 {going after the second pawn.})
22... Ng6 23. Bd4 Nxe5 24. Nxe5 Bxe5 25. Bxe5 Qxe5 26. Bd3 Bxd3 27. Qxd3+ {
[#] Black's got himself a beautiful pawn structure. If he could only get the
queens off he'd go full Rubinstein on his opponent. The sad truth is, with the
queens on, his king is terribly weak.} f5 $6 {I don't like this one at all.} (
27... Kg8 28. Rae1 Qg5 29. Re3 Rc4 30. Rg3 Rg4 31. Rxg4 Qxg4 32. h3 Qxa4 33.
Qg3+ Kf8 34. Qg6 Re7) 28. Rae1 Qg7 29. Qa6 Ra8 30. Qd6 Rad8 31. Qc5 Ra8 32. Re2
Qd7 33. Rfe1 Ra6 34. h3 Rg8 35. b4 $1 axb4 36. cxb4 d4 {The e6-pawn must be
retained at all costs.} 37. b5 Rd6 38. b6 d3 39. Rd2 Rd5 40. Qb4 e5 41. Rc1 $1
Rd4 42. Qa5 Rxa4 43. Qxe5 $18 Re4 44. Qf6 Rg6 45. Rxd3 Rxf6 46. Rxd7+ Kg6 47.
Rb1 Rfe6 48. Rdd1 Re8 49. b7 Rb8 50. Rd7 1-0

[Event "WchT 12th"]
[Site "Astana"]
[Date "2019.03.07"]
[Round "3.2"]
[White "Nepomniachtchi, Ian"]
[Black "Yu, Yangyi"]
[Result "1-0"]
[WhiteElo "2771"]
[BlackElo "2761"]
[Annotator "Krasenkow,M"]
[PlyCount "87"]
[EventDate "2019.03.05"]
[EventType "team-tourn"]
[EventRounds "9"]
[EventCountry "KAZ"]
[SourceTitle "CBM 189"]
[Source "ChessBase"]
[SourceDate "2019.04.29"]
[SourceVersion "1"]
[SourceVersionDate "2019.04.29"]
[SourceQuality "1"]
[WhiteTeam "Russia"]
[BlackTeam "China"]
[WhiteTeamCountry "RUS"]
[BlackTeamCountry "CHN"]

{[%evp 0,87,80,4,89,-8,5,63,52,24,18,13,-2,-5,22,35,22,15,9,9,11,2,9,-2,-4,-14,
-10,-16,-39,-33,-24,-57,-49,-54,-16,-8,-9,0,0,-1,37,58,59,45,70,83,136,128,120,
80,88,0,65,78,118,130,154,160,156,156,144,133,290,187,174,304,334,350,722,386,
390,252,275,265,264,284,288,220,233,171,276,295,321,323,332,394,405,427,424,
441]} 1. e4 e5 2. Nf3 Nf6 3. d4 Nxe4 4. Bd3 d5 5. Nxe5 Nd7 6. Nxd7 Bxd7 7. O-O
Bd6 8. Nc3 Nxc3 9. bxc3 O-O 10. Qh5 f5 11. Re1 c6 {More accurate than} (11...
Qf6 12. Qf3 c6 13. Bf4 {, and White seizes dark squares as in the following
stem game, as well as in many others:} Rae8 14. Qg3 Bxf4 15. Qxf4 Qf7 16. g3 g6
17. h4 Rxe1+ 18. Rxe1 Re8 19. Re5 Rxe5 20. Qxe5 Qe8 21. Qc7 $36 {1/2 (32)
Kveinys,A (2520)-Giertz,N (2270) Marbach 1994}) 12. Bg5 (12. c4 Qf6 (12... Qa5
$5) 13. c3 Rfe8 14. Bg5 Qf7 15. Qxf7+ Kxf7 16. Reb1 b6 17. Bd2 dxc4 18. Bxc4+
Be6 $11 {1/2 (26) Rozentalis,E (2581)-Harikrishna,P (2668) Germany 2008}) 12...
Qc7 (12... Qa5 13. Be7 Bxe7 14. Rxe7 Be8 15. Qg5 Bg6 16. h4 (16. Qd2 $5 $14)
16... Qxc3 17. Rb1 Rae8 18. Rbxb7 Rxe7 19. Rxe7 Qa1+ 20. Kh2 (20. Bf1 $1 Qxd4
21. h5 Bf7 22. h6 $40) 20... Qxd4 21. h5 h6 $1 22. c3 (22. Qxg6 $2 Qh4+) 22...
Qxd3 23. Rxg7+ Kxg7 24. Qxg6+ Kh8 25. Qxh6+ {1/2 (25) Savic,M (2520)-Todorovic,
G (2473) Valjevo 2011}) 13. Re3 (13. Be7 Rfe8 (13... Rf7 $143 14. Bxd6 Qxd6 15.
c4 $14 {B.Predojevic}) 14. Bxf5 $6 (14. Bxd6 Qxd6 $11) 14... Bxh2+ 15. Qxh2
Qxh2+ 16. Kxh2 Bxf5 $15 {1/2 (59) Balogh,C (2527)-Jussupow,A (2583) Bastia 2004
}) (13. c4 {was tested on the very top level but Black successfully held his
ground after} Be8 $1 14. Qh3 (14. Qh4 dxc4 15. Bxc4+ Bf7 16. Bd3 Bg6 17. Re6
Rae8 18. Rae1 Qa5 $1 $132 19. R1e3 Rxe6 20. Rxe6 Re8 $5 (20... Qd5 21. Rxd6
Qxd6 22. Be7 Qc7 23. Bxf8 Kxf8 $14 {1/2 (31) Dominguez Perez,L (2661)-Gelfand,
B (2696) Bermuda 2005 CBM 106 [Huzman,A]}) 21. Rxd6 Re1+ 22. Bf1 Qa6 23. Rd8+
Kf7 24. Rd7+ Kg8 $11) 14... dxc4 (14... h6 $6 15. Bd2 Qf7 16. c5 $1 Bc7 17.
Rab1 Qd7 18. Qf3 $1 $16 {[%cal Gd2f4] 1-0 (55) Adams,M (2719)-Topalov,V (2788)
Dortmund 2005 CBM 108 [Huzman,A]}) 15. Bxf5 (15. Bxc4+ Bf7 16. Be6 g6 17. Re2
Rfe8 18. Rae1 Rxe6 19. Rxe6 Bxe6 20. Rxe6 Qb6 21. g4 Qxd4 22. gxf5 Bc5 $11 {
1/2 (27) Mamedyarov,S (2731)-Gashimov,V (2704) Kallithea 2008}) 15... h6 16.
Be6+ Bf7 17. Bxh6 gxh6 18. Qxh6 Bxh2+ 19. Qxh2 Qxh2+ 20. Kxh2 Bxe6 21. Rxe6
Rxf2 22. Re7 {1/2 (22) Vachier Lagrave,M (2718)-Gelfand,B (2758)
Khanty-Mansiysk 2009}) 13... g6 14. Qh4 Rae8 15. Rae1 Rxe3 16. Rxe3 Re8 (16...
Rf7 $5 17. c4 Qa5) 17. c4 $1 $146 {[%mdl 8] It is time to break in the centre.}
(17. Be7 Rxe7 (17... b5 $5) 18. Rxe7 Bxe7 19. Qxe7 Qc8 (19... b5 $5) 20. Kf1 (
20. c4 $5) 20... Be6 21. h4 Qd7 22. Qf6 Qf7 23. Qe5 $14 {1/2 (49) Fercec,N 
(2495)-Doric,N (2303) Pula 2014}) 17... Rxe3 18. Bxe3 Be8 19. c5 Qe7 $2 (19...
Bf8 $142 $14) 20. Bg5 Qe1+ 21. Bf1 Bf8 22. Be3 $1 {[%csl Re1][%mdl 32] Black's
queen is now cut off the position of his king, and White launches a decisive
attack.} Qa5 (22... b6 23. cxb6 axb6 24. Qd8 $18) 23. Bf4 $1 {[%cal Rf4e5]
stopping ...Qa5-c7} Bf7 24. Qf6 (24. Be5 $5 Bg7 25. Qe7 Bxe5 26. dxe5 $18)
24... Bg7 25. Qd6 (25. Qe7 $5 {[%cal Re7b7]} Bxd4 26. Bd6 Bg7 27. Qxb7 h5 28.
Qxc6 $18) 25... Qe1 (25... Bxd4 26. Qb8+ ({not} 26. Bh6 $2 Kh8) 26... Kg7 27.
Bd6 Bg8 (27... Qd2 $2 28. Qf8+ Kf6 29. Qd8+ Kg7 30. Bf8+ $18) 28. Qxb7+ Kh8 {
[%cal Ra5e1]} 29. Qe7 $1 Qc3 30. Qe8 {, after which White can slowly advance
by means of g2-g3, Bf1-d3, h2-h4 (-h5) etc. while Black is completely passive,
and any attempt of activation fails, e.g.} Kg7 31. g3 h5 32. Bd3 Qd2 33. Qe7+
Kh8 34. Be5+ Bxe5 35. Qxe5+ Kh7 36. Qc7+ Kh6 37. Qxc6 $18) 26. Be3 Bf8 27. Qb8
b6 28. cxb6 axb6 29. Qxb6 $18 Qa1 30. Qa7 c5 31. Qa8 Qe1 32. dxc5 d4 33. Bh6
Be8 34. Qd5+ Bf7 35. Qd8 Qe7 36. Qxe7 Bxe7 37. c6 Bd6 38. g3 Bd5 39. a4 Kf7 (
39... Bxc6 40. Bc4+ Kh8 41. a5) 40. Bb5 Bc7 41. Bf4 Bxf4 42. gxf4 Ke7 43. c7
Bb7 44. a5 1-0

[Event "Moscow Chess for TV"]
[Site "Moscow"]
[Date "2019.06.10"]
[Round "1.2"]
[White "Nepomniachtchi, Ian"]
[Black "Inarkiev, Ernesto"]
[Result "1-0"]
[WhiteElo "2775"]
[BlackElo "2693"]
[PlyCount "137"]
[EventDate "2019.06.10"]
[EventType "k.o."]
[EventRounds "6"]
[EventCountry "RUS"]
[SourceTitle "CBM 190 Extra"]
[Source "ChessBase"]
[SourceDate "2019.07.15"]
[SourceVersion "1"]
[SourceVersionDate "2019.07.15"]
[SourceQuality "1"]

1. e4 e5 2. Nf3 Nc6 3. Bb5 a6 4. Ba4 Nf6 5. O-O Be7 6. d3 b5 7. Bb3 d6 8. a3
O-O 9. Nc3 Na5 10. Ba2 Be6 11. b4 Bxa2 12. Nxa2 Nc6 13. c4 Qd7 14. Nc3 Nd4 15.
Be3 c5 16. Bg5 Rfc8 17. Bxf6 Bxf6 18. Nd5 Bd8 19. Nxd4 cxd4 20. Rc1 f5 21. Qf3
g6 22. h3 Kg7 23. Rfe1 Rab8 24. exf5 Qxf5 25. c5 Qxf3 26. gxf3 Kf7 27. cxd6
Rxc1 28. Rxc1 Ke6 29. Nc7+ Kxd6 30. Nxa6 Ra8 31. Nc5 Rxa3 32. Nb7+ Kd7 33. Nc5+
Kd6 34. Kg2 Be7 35. f4 exf4 36. Re1 Ra7 37. Re4 Kd5 38. Nb3 Bf6 39. Rxf4 Be5
40. Rf8 Ra3 41. Rd8+ Ke6 42. Nxd4+ Bxd4 43. Rxd4 Rb3 44. Kf3 Ke5 45. Ke3 h5 46.
h4 Rb1 47. Re4+ Kd5 48. Kf4 Rg1 49. f3 Kd6 50. Re5 Kc6 51. Rg5 Rb1 52. Rxg6+
Kc7 53. Ke5 Rxb4 54. d4 Rb1 55. d5 b4 56. Rg7+ Kb6 57. Rg8 Kb7 58. d6 Rd1 59.
Rg2 b3 60. Rb2 Kc6 61. Rxb3 Rd5+ 62. Ke4 Rxd6 63. Rc3+ Kb6 64. Kf5 Rd5+ 65. Kg6
Kb5 66. f4 Kb4 67. Rc8 Rd4 68. Kg5 Re4 69. f5 1-0

[Event "Moscow Chess for TV"]
[Site "Moscow"]
[Date "2019.06.13"]
[Round "2.2"]
[White "Karjakin, Sergey"]
[Black "Nepomniachtchi, Ian"]
[Result "0-1"]
[WhiteElo "2748"]
[BlackElo "2775"]
[PlyCount "46"]
[EventDate "2019.06.10"]
[EventType "k.o."]
[EventRounds "6"]
[EventCountry "RUS"]
[SourceTitle "CBM 190 Extra"]
[Source "ChessBase"]
[SourceDate "2019.07.15"]
[SourceVersion "1"]
[SourceVersionDate "2019.07.15"]
[SourceQuality "1"]

1. e4 c5 2. Nf3 d6 3. d4 cxd4 4. Nxd4 Nf6 5. Nc3 a6 6. Bd3 e6 7. a4 Nbd7 8. O-O
Nc5 9. a5 Be7 10. Be3 O-O 11. f3 e5 12. Nb3 Nxd3 13. Qxd3 Be6 14. Rfd1 Rc8 15.
Bb6 Qd7 16. h3 h6 17. Nc1 Rc4 18. N1e2 Rfc8 19. Rd2 Rb4 20. b3 d5 21. exd5 Bf5
22. Qe3 Rxb6 23. Na4 Rb4 0-1